logo

Bir Sreshtho Munshi Abdur Rouf Library
Jhenaidah Cadet College

The Muslim and Christian calendars : (Record no. 5337)

MARC details
000 -LEADER
fixed length control field 00840nam a2200253 a 4500
001 - CONTROL NUMBER
JCCL Control Number 5337
003 - CONTROL NUMBER IDENTIFIER
JCCL marc code BD-JhCC
005 - DATE AND TIME OF LATEST TRANSACTION
control field 20171212194908.0
008 - FIXED-LENGTH DATA ELEMENTS--GENERAL INFORMATION
fixed length control field 171212s1963 enk 000 0 eng d
035 ## - SYSTEM CONTROL NUMBER
system control number (BD-JhCC)5337
035 ## - SYSTEM CONTROL NUMBER
system control number (OCoLC)307977
040 ## - CATALOGING SOURCE
Original cataloging agency DLC
Transcribing agency OGK
Modifying agency OCoLC
-- Uk
-- DLC
-- BD-JhCC
041 ## - LANGUAGE CODE
Language code of Book eng
050 00 - LIBRARY OF CONGRESS CALL NUMBER
Classification number CE59
Item number .F7 1963
082 ## - DEWEY DECIMAL CLASSIFICATION NUMBER
Classification number 529.327
Author mark and Year FRE 1963
100 2# - MAIN ENTRY--PERSONAL NAME
Personal name Freeman-Grenville, G. S. P.
Fuller form of name (Greville Stewart Parker)
245 14 - TITLE STATEMENT
Title The Muslim and Christian calendars :
Remainder of title being tables for the conversion of Muslim and Christian dates from the Hijra to the year A.D. 2000. /
Statement of responsibility, etc G. S. P. Freeman-Grenville,
260 ## - PUBLICATION, DISTRIBUTION, ETC. (IMPRINT)
Place of publication, distribution, etc London :
-- New York :
Name of publisher, distributor, etc Oxford University Press,
Date of publication, distribution, etc 1963.
300 ## - PHYSICAL DESCRIPTION
Pagination vii, 87 p.
Dimensions 23 cm.
650 #0 - SUBJECT ADDED ENTRY--TOPICAL TERM
Topical term or geographic name as entry element Islamic calendar.
650 #0 - SUBJECT ADDED ENTRY--TOPICAL TERM
Topical term or geographic name as entry element Church calendar
942 ## - ADDED ENTRY ELEMENTS (KOHA)
Source of classification or shelving scheme Dewey Decimal Classification
Koha item type Books
Holdings
Source of classification or shelving scheme Damaged status Not for loan Home library Current library Shelving location Date of accession Total Checkouts Full call number Barcode Date last seen Copy number Koha item type
Dewey Decimal Classification     JCC Rouf Library JCC Rouf Library General Stacks 12/12/2017   529.327 FRE 1963 7449 12/12/2017 C- 1 Books

JCC Library | Contacts | JCC Home

Last Update on 23 September 2017
Copyright @ 2017-2020 JCC Rouf Library
Rouf Library, Jhenidah Cadet College (JCC), Bangladesh